LEADER 00980nam a2200205 i 4500 001 000000153882 003 CaOOAMICUS 005 20061004000000.0 008 061004s1929 it u000 u ita u 013 $a131228 040 $aSeMil$bita 100 1 $aBarreca, Concetto.$0(OLS)http://semarc/name/60214 245 10$aAffreschi e opere d'arte :$bpiù notevoli delle Catacombe di Siracusa con la pianta planimetrica /$cSac. Dott. Concetto Barreca. 260 $aRoma :$bScuola Tipografica Salesiana,$c1929. 300 $a1 v. :$bill. ;$c25 cm. 500 $aRilegato con : Rettifica alle note sull'epigrafia cristiana siracusana 5L-VI-7/1. 850 $aSeMil 852 $aSeMil$W1$xVenegono$y1$m5L VI 7/2$j105766$B105766$CSeMilBibl$Z2$F114962 $81 996 $6245$aAffreschi e opere d'arte :$bpiù notevoli delle Catacombe di Siracusa con la pianta planimetrica$9(OLS)http://semarc/title/225153 996 $6260$aRoma :$bScuola Tipografica Salesiana$9(OLS)http://semarc/publisher/33880 LEADER 01055nam a2200253 i 4500 001 000000186383 003 CaOOAMICUS 005 20150907000000.0 008 150907s1930 it u000 u ita u 013 $a164430 040 $aSeMil$bita 100 1 $aDebout, Jacques.$0(OLS)http://semarc/name/68449 245 14$a... E per omissione :$besame di coscienza di un cristiano mediocre /$cJacques Debout ; versione di Luigi Zenucchini. 260 $aBrescia :$bVittorio Gatti,$c1930. 300 $a86 p. ;$c18 cm. 500 $aFondo card. Giovanni Colombo. 650 4$aEsame di coscienza.$0(OLS)http://semarc/subject/3138 700 1 $aZenucchini, Luigi.$0(OLS)http://semarc/name/5855 850 $aSeMil 852 $aSeMil$W1$xVenegono$y1$m3GC I 463$j137070$B137070$CSeMilBibl$Z2$F148645 $8B 941 1 $a3 961 $aLascito: Colombo Card. Giovanni 996 $6245$a... E per omissione :$besame di coscienza di un cristiano mediocre$9(OLS)http://semarc/title/267919 996 $6260$aBrescia :$bVittorio Gatti$9(OLS)http://semarc/publisher/35317 LEADER 01321nam a2200289 i 4500 001 000000075189 003 CaOOAMICUS 005 20131004000000.0 008 131004s2000 it u000 u ita u 013 $a46361 020 $a88-399-0773-4 040 $aSeMil$bita 100 1 $aMoingt, Joseph,$c.$0(OLS)http://semarc/name/4468 240 14$aLes Trois Visiteurs : entretiens sur la Trinité. Propos recueillis par Marc Leboucher.$0(OLS)http://semarc/title/121984 245 12$aI Tre Visitatori :$bconversazioni sulla Trinità /$cJoseph Moingt ; Interviste raccolte da Marc Leboucher. 260 $aBrescia :$bQueriniana,$ccopyr. 2000. 300 $a119 p. ;$c20 cm. 490 0 $aGiornale di teologia ;$v273 650 4$aTrinità.$0(OLS)http://semarc/subject/940 700 1 $aLeboucher, Marc.$0(OLS)http://semarc/name/37147 830 0$aGiornale di teologia ;$v273.$0(OLS)http://semarc/title/419620 850 $aSeMil 852 $aSeMil$W1$xVenegono$y1$m2M III 673$j41341$B41341$CSeMilBibl$Z2$F41345 $81 961 $aSottoscrizione: Casa editrice 996 $6020$a88-399-0773-4$9(OLS)http://semarc/number/55604 996 $6245$aI Tre Visitatori :$bconversazioni sulla Trinità$9(OLS)http://semarc/title/121983 996 $6260$aBrescia :$bQueriniana$9(OLS)http://semarc/publisher/29615